MAASAI MARA UNIVERSITY

LIBRARY CATALOGUE

Contact Us: +254 020 2685356/7 or 0774 057787

Box: 861-20500, NAROK, KENYA

Email: info@mmarau.ac.ke

Big data marketing : (Record no. 20135)

MARC details
000 -LEADER
fixed length control field 01952nam a22003617a 4500
003 - CONTROL NUMBER IDENTIFIER
control field OSt
005 - DATE AND TIME OF LATEST TRANSACTION
control field 20170518101603.0
008 - FIXED-LENGTH DATA ELEMENTS--GENERAL INFORMATION
fixed length control field 161205b xxu||||| |||| 00| 0 eng d
020 ## - INTERNATIONAL STANDARD BOOK NUMBER
International Standard Book Number 9781118733899 (cloth)
020 ## - INTERNATIONAL STANDARD BOOK NUMBER
International Standard Book Number 1118733894 (cloth)
020 ## - INTERNATIONAL STANDARD BOOK NUMBER
Canceled/invalid ISBN 978118734025 (ebk.)
020 ## - INTERNATIONAL STANDARD BOOK NUMBER
Canceled/invalid ISBN 978118734056 (ebk.)
040 ## - CATALOGING SOURCE
Original cataloging agency MMU
Language of cataloging eng
Transcribing agency MMU
042 ## - AUTHENTICATION CODE
Authentication code pcc
050 00 - LIBRARY OF CONGRESS CALL NUMBER
Classification number HF5415.13
Item number .A78 2013
082 00 - DEWEY DECIMAL CLASSIFICATION NUMBER
Classification number 658.8/3
Edition number 23
100 1# - MAIN ENTRY--PERSONAL NAME
Personal name Arthur, Lisa.
245 10 - TITLE STATEMENT
Title Big data marketing :
Remainder of title engage your customers more effectively and drive value /
Statement of responsibility, etc. Lisa Arthur.
264 #1 - PRODUCTION, PUBLICATION, DISTRIBUTION, MANUFACTURE, AND COPYRIGHT NOTICE
Place of production, publication, distribution, manufacture Hoboken, New Jersey :
Name of producer, publisher, distributor, manufacturer Wiley,
Date of production, publication, distribution, manufacture, or copyright notice [2013]
264 #4 - PRODUCTION, PUBLICATION, DISTRIBUTION, MANUFACTURE, AND COPYRIGHT NOTICE
Date of production, publication, distribution, manufacture, or copyright notice ©2013
300 ## - PHYSICAL DESCRIPTION
Extent xiv, 192 pages :
Other physical details illustrations ;
Dimensions 24 cm
336 ## - CONTENT TYPE
Content type term text
Source rdacontent
337 ## - MEDIA TYPE
Media type term unmediated
Source rdamedia
338 ## - CARRIER TYPE
Carrier type term volume
Source rdacarrier
504 ## - BIBLIOGRAPHY, ETC. NOTE
Bibliography, etc Includes bibliographical references (pages 177-184) and index.
505 0# - FORMATTED CONTENTS NOTE
Formatted contents note I. The problem: how did we get here? -- Moving out of the Dark Ages -- Why is marketing antiquated? -- The data hairball -- II. Getting ready for big data marketing -- Definitions of the real world of big data marketing -- Meet the modern marketing department (Michelangelo meets Einstein) -- III. The five steps to data-driven marketing and big data insights -- Step one: get smart, get strategic -- Step two: tear down the silos -- Step three: untangle the data hairball -- Step four: make metrics your mantra -- Step five: process is the new black -- IV. Realizing the value of big data marketing -- Drive value through relevant marketing -- The bright, enlightened world of customer experience.
650 #0 - SUBJECT ADDED ENTRY--TOPICAL TERM
Topical term or geographic name as entry element Marketing
General subdivision Management.
650 #0 - SUBJECT ADDED ENTRY--TOPICAL TERM
Topical term or geographic name as entry element Marketing
General subdivision Data processing.
650 #0 - SUBJECT ADDED ENTRY--TOPICAL TERM
Topical term or geographic name as entry element Marketing research
General subdivision Statistical methods.
650 #0 - SUBJECT ADDED ENTRY--TOPICAL TERM
Topical term or geographic name as entry element Internet marketing.
9 (RLIN) 424
776 08 - ADDITIONAL PHYSICAL FORM ENTRY
Relationship information Online version:
Main entry heading Arthur, Lisa.
Title Big data marketing
Place, publisher, and date of publication Hoboken, New Jersey : John Wiley & Sons, Inc., [2014]
International Standard Book Number 9781118734056
Record control number (DLC) 2013027943
942 ## - ADDED ENTRY ELEMENTS (KOHA)
Source of classification or shelving scheme Library of Congress Classification
Koha item type L

No items available.

© 2016 Maasai Mara University.